Quizzes
Events
Quiz Creation
Community
Videos
Private Events
Remove Ads
Sign In
Join for FREE
Feedback
Dark Mode
Quiz Categories
Sports
Geography
Music
Movies
Television
Just For Fun
Miscellaneous
History
Literature
Language
Science
Gaming
Entertainment
Religion
Holiday
For Kids
Quiz Lab
Recent
Popular Today
Quiz Kudos Today
Editor Picks
Curator Picks
Quizzes by...
Day
Popularity
Type
Ratings
Length
Year
Community
Subscriptions
Recent Discussions
Orange Saloon
Badges
Playlists
Quests
Create
Leaderboards
Showdown
Live 5
Trivia Bingo
Activity
Puzzle Library
Sporcle Events
Private Events
Virtual Trivia
Globe League
Become a Host
Pub Owners
SporcleCon
Opinionation
Our Games
Videos
Blog
Mobile Apps
Partnerships
Remove Ads and Go Orange
Feedback
Television
TV Characters
TV Show
Sitcom
Network
Friends
Reality Shows
Cast
South Park
Star Trek
The Simpsons
Doctor Who
Television
TV Characters
TV Show
Sitcom
Network
Friends
Reality Shows
Cast
South Park
Star Trek
The Simpsons
Doctor Who
Random Quiz
Search Sporcle
×
Quiz Lab
Quiz Lab
Television
gus
Type in answers that appear in a list
Type in answers that appear in a list
Classic
Best Score? Go Orange.
Psych: Gus's Nicknames Stats
Can you name the nicknames that shawn introduces gus as on the first 3 seasons of psych?
By
lalalasing4fun
12m
75 Questions
59 Plays
59 Plays
59 Plays
Comments
Comments
Give Quiz Kudos
Give Quiz Kudos
-
- Ratings
hide this ad
Replay
Link that replays current quiz
Next Quiz
Link to next quiz in quiz playlist
You Got
0%
They Got
Avg Score
18%
Avg Friend Score
Upgrade to see
Score Distribution
Jump to the score distribution portion of the page
Score
0/75
Timer
12:00
0
Plays Today
% Correct
Magic Head
64.4%
Tan
52.5%
Gus T.T. Showbiz
44.1%
Jazz Hands
44.1%
Gus 'Silly-Pants' Jackson
40.7%
Bighead Burton
39%
Bruton Gaster
39%
Chocolate Columbo
37.3%
Shawn
37.3%
Galileo Humpkins
35.6%
Gus Brown
32.2%
Die Harder
30.5%
Homeskillet
28.8%
Big Baby Burton
28.8%
Super Smeller
28.8%
Super Sniffer
28.8%
Wally Ali
28.8%
Matt
27.1%
Fingers
27.1%
Bud
27.1%
Guts
27.1%
Blackstar
25.4%
Slicks
25.4%
Ovaltine Jenkins
23.7%
Lavender Gooms
23.7%
Magic Eight Ball Head
23.7%
Old Iron Stomach
22%
Peter Panic
22%
Hollabackatcha
22%
Curtis
20.3%
Felicia Fancybottom
20.3%
Burton 'Oil Can' Guster
20.3%
John Slade
20.3%
Ghee Buttersnaps
20.3%
Black Magic
18.6%
MC Clap Yo Hands
18.6%
Shmuel Cohen
16.9%
Spellmaster
15.3%
% Correct
Detective Miles
15.3%
The Vault of Secrets
15.3%
Methuselah Honeysuckle
13.6%
Sterling Cooper
13.6%
Squirts Macintosh
11.9%
Longbranch Pennywhistle
11.9%
Scrooge Jones
11.9%
Bob Adams
11.9%
Bruce Lee
11.9%
Santonio Holmes
11.9%
Lemongrass Gogulope
10.2%
Schoonie 'U-Turn' Singleton
10.2%
Chesterfield McMillan
10.2%
Trapezius Milkington
10.2%
Greg
10.2%
The Heater
10.2%
Shutterfly Simmons
6.8%
Paddy Simcox
6.8%
D'Andre Pride
6.8%
Dequan 'Smallpox' Randolph
6.8%
Cheswick
6.8%
Clementine Woolysocks
6.8%
Doughnut Holschtein
5.1%
Ron Davis
5.1%
Rich Fingerland
5.1%
John Jacob Jingley-Schmidt
5.1%
Burt the Billowy Bear
3.4%
Vernest Lambert Watkins
3.4%
Weepy Boy Santos
3.4%
Stewart Lee
3.4%
Ernesto Agapito Garces con y a de Abelar
3.4%
Hummingbird Saltamacchia
3.4%
Art Vandelay
3.4%
Deon Richmond
3.4%
Harry Munroe
1.7%
Shaggy Buddy Snap
1.7%
Pinky Guscatero
1.7%
Quiz Playlist
Details
Report
Send in Message
Add To Playlist
Classic:
Type in answers that appear in a list
Last Updated: Feb 16, 2017
Quiz Scoreboard
CHALLENGE
Sign Up to Join the Scoreboard
Show All
Scores
Hide
Comments
May contain spoilers
Recently Published
An Introduction to Baseball
by treessimontrees
Sports
5m
Movies - When Are They Set?
by FPL_Elf
Movies
5m
Popular People in 1961
by mucciniale
History
6m
More to Explore
Quiz From the Vault
Featured Blog Post
Where Did the Easter Bunny Come From?
hide this ad
You Might Also Like...
Tags
gus
nickname
Psych
season
Shawn
Today's Top Quizzes in Television
Browse Television
hide this ad
Today's Top Quizzes in gus
Browse gus
Top Contributed Quizzes in Television
1
One Piece Logic Puzzle
2
Survivor Logic Puzzle: Heroes vs. Villains
3
5-to-1: The Simpsons Families
4
Survivor Seasons
5
Survivor Season by Logo
6
5-to-1: Television Doctors
7
7-to-1: TV Show Settings
8
One Thing in Common: Television
9
Survivor Trivia
10
5-to-1: Streaming Originals
Explore More
Trending Topics
Disney
Marvel
Anime
Harry Potter
Crossword
Kpop
NBA
Country
Soccer
WWE
The Office
NFL
Puzzle
Song
Pokémon
hide this ad
More By:
lalalasing4fun
Quiz
Plays
Rating
Category
Featured
Created
Psych: Gus's Nicknames
59
Television
Oct 7, 2011
Baskin Robbins Ice Cream Flavors
47
Just For Fun
Oct 2, 2011
ashton kutcher movies/tv shows
20
Movies
Sep 30, 2011
Go to Creator's Profile
Score Distribution
Quiz Creator Spotlight
lalalasing4fun
Follow
Send a Message
Quizzes Created
-
Created Quiz Play Count
-
More By This Creator
Popular Quizzes Today
1
Find the Countries of Europe - No Outlines Minefield
2
Find the US States - No Outlines Minefield
3
The Countries of the World
4
Popular People in 1961
5
US States
6
Find the US States
7
1-10 Letter E Words III
8
Risky Map Clicking: Biggest States A-Z
More Television Quizzes
TV Show Law Enforcers
Published
Trending Quizzes
Risky Map Clicking: Least Populous States A-Z
1-10 Letter F Words
1-10 Letter G Words
One Thing in Common: United Kingdom
Not Quite an Element Typing Challenge
Recently Updated
Leaping Animals
pecheneg
Reality TV Shows (A-Z)
bhenderson79
Rickey Henderson's Hall of Fame Teammates
pecheneg
Champions League XIs: Arsenal
pecheneg
Quick Pick: Celebrities in WWE's Hall of Fame
aduchscher
A-Z Keypad Blitz II
pecheneg
Multiple Oscar Actors
pecheneg
Mystery Phrase Blitz: Oscar 'Best Actors'
pecheneg
F. Scott Fitzgerald Novels
LTH
Pick 3 Villains
ddd62291
Trending Topics
Crossword
Disney
NBA
Harry Potter
Anime
Marvel
Kpop
Soccer
WWE
The Office
NFL
Pokémon
Country
Song
Puzzle
Your Account Isn't Verified!
In order to create a playlist on Sporcle, you need to verify the email address you used during registration. Go to your
Sporcle Settings
to finish the process.
Report this User
Report this user for behavior that violates our
Community Guidelines
.
Details:
Send Report
Go to the Sporcle.com Mobile Site →
Comments